000 00449nam a2200181Ia 4500
001 8045
005 20260306160540.0
008 260306t2013||||xx |||||||||||||| ||spa||
041 _aESP
082 _a370.1
_bC75 V. 15
100 _aCuenca, Ricardo
_eAUT
245 0 _aCambio, continuidad y busqueda de consenso, 1980-2011
260 _c2013
300 _a491 páginas :
_c25 cm.
650 _aGEN
654 _aCED
942 _cLIB
_dJUS
_fJUS
_2ddc
_n
999 _c8045
_d8045